| 000 | 00965cam a2200313 4500 | ||
|---|---|---|---|
| 005 | 20260322212029.0 | ||
| 008 | data | ||
| 010 | _a 73089439 | ||
| 020 | _a0823640701 | ||
| 020 | _a9780823640706 | ||
| 040 |
_aDLC _cDLC _dYUS _dYUS |
||
| 049 | _aYU31 | ||
| 050 | 0 |
_aBF713 _b.W53 |
|
| 096 | _aWM 100 P468 1975 | ||
| 100 | 1 | _aWiedeman, George H. | |
| 245 | 1 | 0 |
_aPersonality development and deviation; _ba textbook for social work. _cGeorge H. Wiedeman, editor; Sumner Matison, associate editor. |
| 260 |
_aNew York, _bInternational Universities Press _c[1975] |
||
| 300 |
_axvi, 523 p. _c24 cm. |
||
| 504 | _aIncludes bibliographies. | ||
| 590 | _aIncludes bibliographies and indexes. | ||
| 650 | 0 | _aDevelopmental psychology. | |
| 650 | 0 | _aPersonality. | |
| 650 | 0 | _aPsychology, Pathological. | |
| 650 | 2 | _aPersonality Development. | |
| 650 | 2 | _aPersonality Disorders. | |
| 650 | 2 | _aSocial Work, Psychiatric. | |
| 700 | 1 | _aMatison, Sumner. | |
| 001 | data | ||
| 999 |
_c678 _d678 |
||